| 000 | 00601nam a22001817a 4500 | ||
|---|---|---|---|
| 005 | 20251108165812.0 | ||
| 008 | 250721s1953 xx 000 0 ara d | ||
| 082 | 1 | 4 | _aم/212/زمخ |
| 100 | 1 | _aالزمخشري، محمود بن عمر | |
| 245 | 1 | 0 | _aالكشاف عن حقائق غوامض التنزيل وز عيون الاقاويل في وجوه التأويل / |
| 250 | _aط2 | ||
| 264 | 1 |
_aالقاهره : _bمطبعة الاستقامه، _c1953. |
|
| 300 | _a4ج | ||
| 650 | 1 | 7 | _aالقرآن الكريم |
| 650 | 1 | 7 | _aتفسير القرآن |
| 942 |
_2ddc _cREF |
||
| 999 |
_c31681 _d31681 |
||